Karma by Jojo Siwa - ALL LYRICS - Statistics

General Stats
  • This quiz has been taken 219 times
  • The average score is 246 of 376
Answer Stats
Lyrics % Correct
a
100%
I
99%
bitch
96%
be
93%
me
93%
girl
92%
so
92%
was
92%
bad
91%
Karma's
91%
did
90%
no
90%
things
90%
know
89%
and
88%
And
88%
not
88%
some
88%
better
86%
Better
86%
you
85%
never
84%
it
83%
It
83%
should've
82%
all
80%
for
80%
Like
80%
like
80%
the
80%
nothing
79%
If
77%
meant
76%
fun
75%
cheat
74%
lie
74%
when
74%
When
74%
just
73%
shall
73%
swear
73%
Thou
73%
thou
73%
secret
71%
get
70%
or
70%
up
70%
wish
70%
end
69%
oh
68%
would
68%
caught
67%
you'll
67%
had
66%
of
65%
around
64%
in
64%
known
64%
happened
63%
one
63%
She
63%
falls
62%
forest
62%
hears
62%
tree
61%
her
60%
with
60%
right
58%
now
56%
she's
56%
knife
54%
twist
54%
do
51%
felt
49%
saw
49%
is
48%
late
48%
night
48%
to
48%
Another
47%
another
47%
crazy
46%
child
45%
wild
45%
think
44%
before
43%
blew
43%
didn't
43%
effed
43%
knew
43%
mood
43%
pics
43%
time
43%
always
42%
matter
42%
would've
42%
good
41%
what
41%
twice
33%
boring
28%
But
23%
snoring
22%
that
21%
minute's
19%
hooked
18%
deserve
17%
later
17%
universe
17%
twenty
16%
giving
15%
your
15%
kills
14%
still
13%
Believe
12%
it's
10%
down
9%
at
7%
body
7%
cause
7%
sleep
7%
lay
6%
look
6%
This
6%
back
5%
blue
5%
free
5%
my
5%
My
5%
next
5%
comes
4%
empty
4%
eyes
4%
goes
4%
has
4%
I'll
4%
room
4%
sympathy
4%
won't
4%
write
4%
cold
3%
forget
3%
hope
3%
mirror
3%
regrets
3%
sets
3%
feels
2%
let
2%
lonely
2%
thousand
2%
times
2%
become
1%
symphony
1%
guilts
0%
No matching quizzes found
Score Distribution
Percent of People with Each Score
Percentile by Number Answered
Your Score History
You have not taken this quiz